000 00736cam a2200241u 4500
999 _c18494
_d18494
001 6077039
003 BDDh-ASL
005 20231015025718.0
008 830630s1958 enk 000 0 eng
010 _aa 59004778
040 _aDLC
_cCarP
_dBDDh-ASL
043 _ae------
050 0 0 _aD359
_b.N33
082 _a940.3
_bNAV
100 1 _aNamier, L. B.
_q(Lewis Bernstein),
_d1888-1960.
245 1 0 _aVanished supremacies:
_bessays on European history, 1812-1918/
_cby Sir Lewis Namier.
260 _aLondon:
_bH. Hamilton,
_c1958.
300 _avi, 179 p. :
_c23 cm.
651 0 _aEurope
_xHistory
_y1789-1900.
651 0 _aEurope
_xHistory
_y1871-1918.
906 _a0
_bcbc
_cpremunv
_du
_encip
_f19
_gy-gencatlg
942 _2ddc
_cBK